<?xml version="1.0" encoding="UTF-8"?>
<record
    xmlns:xsi="http://www.w3.org/2001/XMLSchema-instance"
    xsi:schemaLocation="http://www.loc.gov/MARC21/slim http://www.loc.gov/standards/marcxml/schema/MARC21slim.xsd"
    xmlns="http://www.loc.gov/MARC21/slim">

  <leader>00620nam a22001937a 4500</leader>
  <datafield tag="999" ind1=" " ind2=" ">
    <subfield code="c">172873</subfield>
    <subfield code="d">172873</subfield>
  </datafield>
  <controlfield tag="005">20200214115432.0</controlfield>
  <datafield tag="010" ind1=" " ind2=" ">
    <subfield code="a">B-208840</subfield>
  </datafield>
  <datafield tag="020" ind1=" " ind2=" ">
    <subfield code="c">600.00</subfield>
    <subfield code="a">-</subfield>
  </datafield>
  <datafield tag="035" ind1=" " ind2=" ">
    <subfield code="a">B-208840</subfield>
  </datafield>
  <datafield tag="037" ind1=" " ind2=" ">
    <subfield code="b">BPPD</subfield>
  </datafield>
  <datafield tag="082" ind1=" " ind2=" ">
    <subfield code="a">921</subfield>
  </datafield>
  <datafield tag="100" ind1=" " ind2=" ">
    <subfield code="a">&#x688; &#x6CC; &#x688; &#x6CC; &#x679;&#x6BE;&#x627; &#x6A9;&#x631; </subfield>
  </datafield>
  <datafield tag="245" ind1=" " ind2=" ">
    <subfield code="a">&#x64A;&#x627; &#x62F; &#x648; &#x6BA; &#x6A9;&#x6D2; &#x686;&#x631; &#x627; &#x63A; </subfield>
    <subfield code="c">&#x688; &#x6CC; &#x688; &#x6CC; &#x679;&#x6BE;&#x627; &#x6A9;&#x631; </subfield>
  </datafield>
  <datafield tag="246" ind1=" " ind2=" ">
    <subfield code="a">Yadon ke Chiragh (Urdu)</subfield>
    <subfield code="b">by D.D.Thakur</subfield>
  </datafield>
  <datafield tag="260" ind1=" " ind2=" ">
    <subfield code="a">Delhi</subfield>
    <subfield code="b">Educational Publishing House </subfield>
    <subfield code="c">N.A.</subfield>
  </datafield>
  <datafield tag="270" ind1=" " ind2=" ">
    <subfield code="a">3108,Vakil Street,Kucha Pandit,Lal Kuan,</subfield>
    <subfield code="b">Delhi</subfield>
    <subfield code="e">110006</subfield>
    <subfield code="k">3216162</subfield>
    <subfield code="l">-</subfield>
    <subfield code="m">-</subfield>
  </datafield>
  <datafield tag="300" ind1=" " ind2=" ">
    <subfield code="a">573 &#x635;</subfield>
    <subfield code="c">21 Cm.(P.b)     </subfield>
  </datafield>
  <datafield tag="942" ind1=" " ind2=" ">
    <subfield code="2">ddc</subfield>
    <subfield code="c">UR</subfield>
    <subfield code="h">921</subfield>
    <subfield code="m">&#x679; &#x6BE; &#x627; </subfield>
  </datafield>
  <datafield tag="952" ind1=" " ind2=" ">
    <subfield code="0">0</subfield>
    <subfield code="1">0</subfield>
    <subfield code="4">0</subfield>
    <subfield code="7">0</subfield>
    <subfield code="8">NFIC</subfield>
    <subfield code="a">L</subfield>
    <subfield code="b">L</subfield>
    <subfield code="d">2020-02-14</subfield>
    <subfield code="e">BPPD/Ven.</subfield>
    <subfield code="g">600.00</subfield>
    <subfield code="l">0</subfield>
    <subfield code="o">921 &#x679; &#x6BE; &#x627;</subfield>
    <subfield code="p">B-208840</subfield>
    <subfield code="r">2020-02-14 00:00:00</subfield>
    <subfield code="t">1</subfield>
    <subfield code="v">600.00</subfield>
    <subfield code="w">2020-02-14</subfield>
    <subfield code="y">UR</subfield>
  </datafield>
</record>
